Islands of Indonesia - Sudden Death - Statistics

General Stats
  • This quiz has been taken 215 times
  • The average score is 10 of 18
Answers on the Grid
Answers color-coded by a green-red scale on the quiz's grid according to % correct below.
Aruba
Bali
Bangka
Borneo
Bougainville
Buru
Butan
Crete
Flores
Gonave
Halmahera
Java
Kangaroo
Lombok
Luzon
Macau
Madura
Manus
Mindanao
New Guinea
Nias
Rhodes
Seram
Socotra
Sulawesi
Sumatra
Sumbawa
Timor
Tobago
Yos Sudarso
 
Answer Stats
Answer % Correct
Bali
93%
Java
88%
Borneo
86%
Sumatra
81%
Sulawesi
72%
Timor
68%
Sumbawa
63%
Lombok
57%
New Guinea
55%
Bangka
51%
Flores
50%
Seram
48%
Buru
43%
Madura
41%
Halmahera
37%
Yos Sudarso
35%
Nias
32%
Butan
19%
No matching quizzes found
Score Distribution
Percent of People with Each Score
Percentile by Number Answered
Your Score History
You have not taken this quiz